000 00927nam a2200301 i 4500
001 000045668
003 DO-SdBNP
005 20250827085133.0
007 ta
008 250827s200? dr a 000 0 spa d
040 _aDO-SdBNP
_bspa
_cBNPHU
_erda
041 _asp
082 4 _a843.912
_bS132p
_222
100 1 _aSaint-Exupéry, Antoine de,
_d1900-1944
_eautor
_973729
245 1 3 _aEl principito /
_cAntoine de Saint-Exupéry
264 _aSanto Domingo :
_bSusaeta,
_c[fecha no identificada]
300 _apaginación variada :
_bilustraciones ;
_c24 cm.
336 _2rdacontent
_atexto
_btxt
337 _2rdamedia
_asin mediación
_bn
338 _2rdacarrier
_avolumen
_bnc
490 _aBiblioteca susaeta
590 _aInventariado, 2025 / DG
650 4 _aCuentos franceses
_913634
650 4 _aLiteratura francesa
_91074
650 4 _aLiteratura infantil francesa
_957364
910 _aDG
942 _2ddc
_cLBS1
999 _c59826
_d59826